000 00340nam a2200133Ia 4500
008 151001s9999||||xx |||||||||||||| ||und||
100 _aबाळ गाडगीळ
245 _aअमेरीकन संस्कृती
250 _a1
260 _bमेघना
260 _c2007
300 _a208
365 _b18
999 _c988207
_d988204